Transferencias y servicios sobre activos financieros Aplicacin̤ supletoria de las NIC’s 32 y 39 y FAS 140. Contratos de factoraje. Bursatilizacin̤. Reportos

Detalles Bibliográficos
Autor principal: Cocina Martínez, Javier
Autor Corporativo: Instituto Mexicano de Contadores Pb︢licos
Formato: eBook
Lenguaje:español
Publicado: [Mx̌ico] : Instituto Mexicano de Contadores Pb︢licos, 2005.
Materias:
Acceso en línea:Acceso restringido

MARC

LEADER 00000nam a22000007a 4500
005 20110906123541.0
008 110906t2005 mx ||||s|||| 00| 0 spa d
020 |a 970-665-213-2 
035 |a 5619 
040 |a vLex  
090 |c 2390  |d 2390 
100 1 |a Cocina Martínez, Javier 
245 1 0 |a Transferencias y servicios sobre activos financieros  |h [Recurso electrn̤ico] :  |b Aplicacin̤ supletoria de las NIC’s 32 y 39 y FAS 140. Contratos de factoraje. Bursatilizacin̤. Reportos  |c Javier Cocina Martínez 
256 |a Servicio en ln̕ea. 
260 |a [Mx̌ico] :  |b Instituto Mexicano de Contadores Pb︢licos,  |c 2005. 
300 |a 1 recurso electrn̤ico 
500 |a En los boletines vigentes de la CPC y en las Normas de Informacin̤ Financiera del CINIF no se tienen disposiciones normativas especf̕icas para el tratamiento contable de las transferencias y los servicios sobre activos financieros, que incluyen temas trascendentales para las entidades, tales como los contartos de factoraje, bursatilizacin̤ de cuentas por cobrar, reportos y prštamo de valores.  
506 1 |a Contenido solo disponible en los productos indicados  |d vLex Global  |d vLex Global (Academic Edition, excluding Law Schools)  |d vLex Global (U.S. Academic Edition, Law Schools)  |d vLex Global (U.S. Academic Edition, excluding Law Schools)  |d vLex Global (Academic Edition, Law Schools) 
650 0 4 |a Instrumentos financieros  |z Mx̌ico 
650 0 4 |a Derecho tributario  |z Mx̌ico 
710 2 |a Instituto Mexicano de Contadores Pb︢licos 
740 0 |a vLex Libros (Servicio en ln̕ea) 
856 4 0 |u http://vlex.com/source/transferencias-servicios-activos-financieros-5619  |z Acceso restringido 
942 |c BOOK